000 00227nam a22000857a 4500
008 170116b xxu||||| |||| 00| 0 eng d
100 _92435
_aValsaraj.K.M.
245 _aPhysical Activities for Fitness
260 _aNew Delhi
_bSET
_c2009
999 _c5475
_d5475